| 000 | 00934cam a22002895a 4500 | ||
|---|---|---|---|
| 999 |
_c21910 _d21882 |
||
| 001 | 016481962 | ||
| 003 | EG-ScBUE | ||
| 005 | 20210130092341.0 | ||
| 008 | 130708t2014 nyua f 000 1 eng d | ||
| 020 | _a9780062378194 | ||
| 040 |
_aStDuBDS _beng _erda _cStDuBDS _dUk _dEG-ScBUE |
||
| 082 | 0 | 4 |
_a813.6 _bLER _222 |
| 100 | 1 |
_aLerangis, Peter, _eauthor. _940214 |
|
| 245 | 1 | 0 |
_aSeven wonders : _bthe curse of the king / _cPeter Lerangis. |
| 264 | 1 |
_aNew York, NY _bHarper Collins Publishers, _c[2014] |
|
| 264 | 4 | _cc2014 | |
| 300 |
_a307 pages : _billustrations ; _c20 cm |
||
| 336 |
_2rdacontent _atext _btxt |
||
| 337 |
_2rdamedia _aunmediated _bn |
||
| 338 |
_2rdacarrier _avolume _bnc |
||
| 500 | _aNew York Times bestselling author. | ||
| 650 | 7 |
_aSeven Wonders of the World _vJuvenile fiction. _2BUEsh _940216 |
|
| 651 | _2BUEsh | ||
| 653 |
_cJune2016 _dBestSellers _bHHUUEENN |
||
| 655 |
_vReading book _934232 |
||
| 942 |
_2ddc _cBB |
||